Normal view
MARC view
Entry Personal Name
001 - CONTROL NUMBER
- control field: 7762
003 - CONTROL NUMBER IDENTIFIER
- control field: ARRUPE
005 - DATE AND TIME OF LATEST TRANSACTION
- control field: 20140203140455.0
008 - FIXED-LENGTH DATA ELEMENTS
- fixed length control field: 140203|| aca||aabn | a|a d
040 ## - CATALOGING SOURCE
- Original cataloging agency: ARRUPE
- Transcribing agency: ARRUPE
100 ## - HEADING--PERSONAL NAME
- Personal name: Chirban, John T.
670 ## - SOURCE DATA FOUND
- Source citation: Work cat.: (ARRUPE)0: Marriage and the family ; Medicine, psychology, religion :, 1983.